| 000 -LEADER |
| fixed length control field |
00670cam a2200205 i 4500 |
| 020 ## - INTERNATIONAL STANDARD BOOK NUMBER |
| ISBN |
9789995052836 |
| 040 ## - CATALOGING SOURCE |
| Transcribing agency |
DLC |
| 082 ## - DEWEY DECIMAL CLASSIFICATION NUMBER |
| Classification number |
330 CDR 2013 C146 Or. |
| 245 00 - TITLE STATEMENT |
| Title |
Cambodia's development dynamics : |
| Remainder of title |
past performance and emerging priorities / |
| 300 ## - PHYSICAL DESCRIPTION |
| Number of Pages |
xxii, 131 pages ; |
| Dimensions |
25 cm |
| 500 ## - GENERAL NOTE |
| General note |
"September 2013." |
| 650 #0 - SUBJECT ADDED ENTRY--TOPICAL TERM |
| Topical Term |
Economic Development |
| 650 #0 - SUBJECT ADDED ENTRY--TOPICAL TERM |
| Topical Term |
Cambodia |
| 650 #0 - SUBJECT ADDED ENTRY--TOPICAL TERM |
| Topical Term |
Cambodia |
| 650 #0 - SUBJECT ADDED ENTRY--TOPICAL TERM |
| Topical Term |
Cambodia |
| 700 1# - ADDED ENTRY--PERSONAL NAME |
| Personal name |
Watkins, Susan Elizabeth, |
| 710 2# - ADDED ENTRY--CORPORATE NAME |
| Corporate name or jurisdiction name as entry element |
Vidyāsthān Paṇṭuḥ Paṇṭāl niṅ Srāvjrāv ṭoempī Qabhivaḍḍhn ̊Kambujā, |
| 856 41 - ELECTRONIC LOCATION AND ACCESS |
| Uniform Resource Identifier |
https://www.loc.gov/catdir/toc/fy16pdf03/2014313018.html |
| 942 ## - ADDED ENTRY ELEMENTS (KOHA) |
| Koha item type |
ADB |
| 952 ## - LOCATION AND ITEM INFORMATION (KOHA) |
| Withdrawn status [LOCAL, KOHA] |
0 |